000 00763nam a2200193Ia 4500
008 0000002002 usa 0000000000eng00
090 _aPSP00 G15v
100 1 _aGandía, Vicente
_d1935
245 1 0 _aVicente Gandía
_b: At the table mexican still life paintings
300 _a[24] p.
_c/ 22 cm.
500 _aExposición realizada en David Findlay, New York, Mayo 16 Junio 15, 2002 \ Con el patronazgo del maestro venezolano Jesús Rafael Soto (q.e.p.d.)
600 0 0 _a GANDIA, VICENTE, 1935/
_xTRABAJOS PICTORICOS
650 1 4 _a PINTURA ESPAÑOLA
650 1 4 _aARTE CONTEMPORANEO ESPAÑOL
650 1 4 _xCATALOGOS
650 1 4 _xEXPOSICIONES
650 1 4 _aPINTORES ESPAÑOLES
999 _c1147
_d1147
260 _aEstados Unidos de América : David Findlay
_c2002